| 000 | 00311nam a22001217a 4500 | ||
|---|---|---|---|
| 020 | _a9781118481929 | ||
| 040 | _cNUST | ||
| 082 |
_a620.37 _bBAZ |
||
| 100 |
_aBaz, Amr Mahmoud Sabry, _983615 |
||
| 245 | _aActive and Passive Vibration Damping | ||
| 260 |
_aHoboken: _bJohn Wiley & Son, _c2019. |
||
| 942 |
_2ddc _cBK |
||
| 999 |
_c586628 _d586628 |
||